| 000 | 00595nam a22002057a 4500 | ||
|---|---|---|---|
| 003 | OSt | ||
| 005 | 20151102235117.0 | ||
| 008 | 151102b xxu||||| |||| 00| 0 eng d | ||
| 020 | _a9780199673490 | ||
| 040 | _cDDC | ||
| 082 | _a530 HEI 2013 | ||
| 100 |
_aHeikkila, Tero T. _95943 |
||
| 245 |
_aThe Physics of Nanoelectronics: _btransport and fluctuation phenomena at low temperatures |
||
| 260 |
_aOxford University Press; _c2013 |
||
| 300 |
_axv,279p; _bill: _c24cm |
||
| 504 | _aReferences, & index included | ||
| 650 |
_aPhysics _9809 |
||
| 650 |
_aElectronics _9831 |
||
| 942 |
_2ddc _cO_SHELF |
||
| 999 |
_c2384 _d2384 |
||